<?xml version="1.0" encoding="UTF-8"?><?xml-stylesheet type="text/xsl" href="static/style.xsl"?><OAI-PMH xmlns="http://www.openarchives.org/OAI/2.0/" xmlns:xsi="http://www.w3.org/2001/XMLSchema-instance" xsi:schemaLocation="http://www.openarchives.org/OAI/2.0/ http://www.openarchives.org/OAI/2.0/OAI-PMH.xsd"><responseDate>2026-04-14T05:10:30Z</responseDate><request verb="GetRecord" identifier="oai:www.recercat.cat:2072/392747" metadataPrefix="marc">https://recercat.cat/oai/request</request><GetRecord><record><header><identifier>oai:recercat.cat:2072/392747</identifier><datestamp>2026-03-14T22:34:50Z</datestamp><setSpec>com_2072_98</setSpec><setSpec>col_2072_378192</setSpec></header><metadata><record xmlns="http://www.loc.gov/MARC21/slim" xmlns:dcterms="http://purl.org/dc/terms/" xmlns:xsi="http://www.w3.org/2001/XMLSchema-instance" xmlns:doc="http://www.lyncode.com/xoai" xsi:schemaLocation="http://www.loc.gov/MARC21/slim http://www.loc.gov/standards/marcxml/schema/MARC21slim.xsd">
   <leader>00925njm 22002777a 4500</leader>
   <datafield ind2=" " ind1=" " tag="042">
      <subfield code="a">dc</subfield>
   </datafield>
   <datafield ind2=" " ind1=" " tag="720">
      <subfield code="a">Liessmann, Konrad Paul</subfield>
      <subfield code="e">author</subfield>
   </datafield>
   <datafield ind2=" " ind1=" " tag="260">
      <subfield code="c">2011</subfield>
   </datafield>
   <datafield ind2=" " ind1=" " tag="520">
      <subfield code="a">The paper explores the relationships and interconnections in the philosophical and sociopolitical concepts of Günther Anders and Hannah Arendt. Both philosophers, who were married to each other for a short time, not only shared a similar fate in that they both had to flee from National Socialism, but both dealt with similar questions, albeit in different manners: with Auschwitz and the Holocaust, with the problem of totalitarianism, with the development of the Modern, which is defined by technology and industrial labour. A comparison shows that many themes in the thinking of these philosophers are near to each other, but the methods and foci are other. At the foreground of Anders' thinking is the question of the destructive influence of modern technology and weapons of mass destruction. However, Arendt concentrates on totalitarian political structures and the possibility of people to take action. Nevertheless, they both are concerned that people's humanity is at risk under the political and technological conditions of the Modern.</subfield>
   </datafield>
   <datafield ind2=" " ind1=" " tag="520">
      <subfield code="a">Este artículo explora las relaciones e interconexiones en los conceptos filosóficos y socio-políticos de Günther Anders y Hannah Arendt. Ambos filósofos, que estuvieron casados durante un breve tiempo, no sólo compartieron un destino similar, puesto que ambos tuvieron que huir del nacionalsocialismo, sino que también se ocuparon de cuestiones similares, si bien de distintas maneras: trataron de Auschwitz y el Holocausto, del problema del totalitarismo, del desarrollo de la modernidad, el cual es definido por la tecnología y el trabajo industrial. Esta comparación muestra que muchos de los temas del pensamiento de estos filósofos son afines, aunque los métodos y enfoques difieren. En el primer plano del pensamiento de Anders está la cuestión de la influencia destructiva de la tecnología moderna y de las armas de destrucción masiva. Por otro lado, Arendt se centra en estructuras políticas totalitarias y la posibilidad de intervención de las personas. Sin embargo, ambos están preocupados por el hecho de que la humanidad de las personas está en riesgo bajo las condiciones políticas y tecnológicas de la modernidad.</subfield>
   </datafield>
   <datafield tag="653" ind2=" " ind1=" ">
      <subfield code="a">Philosophy of the 20th century</subfield>
   </datafield>
   <datafield tag="653" ind2=" " ind1=" ">
      <subfield code="a">Anders; Arendt</subfield>
   </datafield>
   <datafield tag="653" ind2=" " ind1=" ">
      <subfield code="a">Heidegger</subfield>
   </datafield>
   <datafield tag="653" ind2=" " ind1=" ">
      <subfield code="a">Auschwitz</subfield>
   </datafield>
   <datafield tag="653" ind2=" " ind1=" ">
      <subfield code="a">Holocaust</subfield>
   </datafield>
   <datafield tag="653" ind2=" " ind1=" ">
      <subfield code="a">Hiroshima</subfield>
   </datafield>
   <datafield tag="653" ind2=" " ind1=" ">
      <subfield code="a">Political philosophy</subfield>
   </datafield>
   <datafield tag="653" ind2=" " ind1=" ">
      <subfield code="a">Philosophy of technology</subfield>
   </datafield>
   <datafield tag="653" ind2=" " ind1=" ">
      <subfield code="a">Media philosophy</subfield>
   </datafield>
   <datafield tag="653" ind2=" " ind1=" ">
      <subfield code="a">Ethics</subfield>
   </datafield>
   <datafield tag="653" ind2=" " ind1=" ">
      <subfield code="a">Mass destruction</subfield>
   </datafield>
   <datafield tag="653" ind2=" " ind1=" ">
      <subfield code="a">National Socialism Labour</subfield>
   </datafield>
   <datafield tag="653" ind2=" " ind1=" ">
      <subfield code="a">Filosofía del siglo XX</subfield>
   </datafield>
   <datafield tag="653" ind2=" " ind1=" ">
      <subfield code="a">Holocausto</subfield>
   </datafield>
   <datafield tag="653" ind2=" " ind1=" ">
      <subfield code="a">Filosofía política</subfield>
   </datafield>
   <datafield tag="653" ind2=" " ind1=" ">
      <subfield code="a">Filosofía de la tecnología</subfield>
   </datafield>
   <datafield tag="653" ind2=" " ind1=" ">
      <subfield code="a">Filosofía de los medios</subfield>
   </datafield>
   <datafield tag="653" ind2=" " ind1=" ">
      <subfield code="a">Ética</subfield>
   </datafield>
   <datafield tag="653" ind2=" " ind1=" ">
      <subfield code="a">Destrucción masiva</subfield>
   </datafield>
   <datafield tag="653" ind2=" " ind1=" ">
      <subfield code="a">Nacionalsocialismo</subfield>
   </datafield>
   <datafield tag="653" ind2=" " ind1=" ">
      <subfield code="a">Trabajo</subfield>
   </datafield>
   <datafield tag="653" ind2=" " ind1=" ">
      <subfield code="a">Filosofía del segle XX</subfield>
   </datafield>
   <datafield tag="653" ind2=" " ind1=" ">
      <subfield code="a">Filosofía dels mitjans</subfield>
   </datafield>
   <datafield tag="653" ind2=" " ind1=" ">
      <subfield code="a">Destrucció massiva</subfield>
   </datafield>
   <datafield tag="653" ind2=" " ind1=" ">
      <subfield code="a">Nacionalsocialisme</subfield>
   </datafield>
   <datafield tag="653" ind2=" " ind1=" ">
      <subfield code="a">Treball</subfield>
   </datafield>
   <datafield ind2="0" ind1="0" tag="245">
      <subfield code="a">Thought after Auschwitz and Hiroshima : Günther Anders and Hannah Arendt</subfield>
   </datafield>
</record></metadata></record></GetRecord></OAI-PMH>